Rivers of Germany - Statistics

General Stats
  • This quiz has been taken 396 times
    392 since last reset
  • The average score is 10 of 21
Answer Stats
Hint Answer % Correct
865 km Rhine
98%
647 km Danube
92%
727 km Elbe
92%
527 km Main
78%
400 km Spree
65%
242 km Moselle
61%
451 km Weser
61%
362 km Neckar
57%
263 km Isar
51%
219 km Ruhr
49%
371 km Ems
43%
334 km Havel
41%
413 km Saale
38%
221 km Fulda
36%
292 km Werra
31%
246 km Lahn
26%
281 km Leine
24%
260 km Aller
23%
220 km Lippe
20%
220 km Altmühl
12%
248 km White Elster
7%
No matching quizzes found
Score Distribution
Percent of People with Each Score
Percentile by Number Answered
Your Score History
You have not taken this quiz since the last reset